MARC

LEADER 00000nam0a2200000 4500
001 104131
005 20231031113852.0
010 |a 5699168532 
035 |a (RuTPU)RU\TPU\book\112244 
090 |a 104131 
100 |a 20061026d2006 m y0rusy50 ca 
101 0 |a rus 
102 |a RU 
105 |a y z 000dy 
200 1 |a Практические облака  |f С. Юрский 
210 |a Москва  |c Эксмо  |d 2006 
215 |a 176 с. 
225 1 |a Рыцари сатиры и юмора 
610 1 |a русская литература 
610 1 |a проза 
610 1 |a рассказы 
610 1 |a юмор 
610 1 |a сатира 
675 |a Р2  |v 3 
700 1 |a Юрский  |b С.  |g Сергей 
801 1 |a RU  |b 63413507  |c 20061026  |g PSBO 
801 2 |a RU  |b 63413507  |c 20061108  |g PSBO 
942 |c BK